[Event "WchT Rapid"]
[Site "London"]
[Date "2025.06.13"]
[Round "10.1"]
[White "Eilenberg, Jonas"]
[Black "Turner, Matthew"]
[Result "0-1"]
[WhiteElo "2279"]
[BlackElo "2506"]
[PlyCount "120"]
[EventDate "2025.06.11"]
[EventType "team-swiss"]
[EventRounds "12"]
[EventCountry "ENG"]
[SourceTitle "CB25_2025"]
[SourceDate "2025.06.18"]
[SourceVersion "1"]
[SourceVersionDate "2025.06.18"]
[SourceQuality "1"]
[WhiteTeam "Berlin Lasker Legends"]
[BlackTeam "Sassy Seniors"]
[WhiteTeamCountry "GER"]
[BlackTeamCountry "ENG"]

1. d4 Nf6 2. c4 c6 3. Nf3 d5 4. e3 Bg4 5. Qb3 Qb6 6. Nh4 Nbd7 7. Bd2 e5 8. c5 Qc7 9. h3 Be6 10. Nc3 exd4 11. exd4 Nxc5 12. dxc5 d4 13. Qc2 dxc3 14. Bxc3 Nd5 15. Bd3 Qe7 16. Nf3 Nxc3 17. bxc3 Bxh3+ 18. Kf1 Be6 19. Nd4 0-0-0 20. Re1 Qxc5 21. Rxe6 Rxd4 22. Re8+ Rd8 23. Rxd8+ Kxd8 24. Qb3 Qd5 25. Qxd5+ cxd5 26. Rh5 g6 27. Rxd5+ Kc7 28. g3 Bd6 29. a4 Re8 30. c4 b6 31. a5 Bc5 32. g4 Rd8 33. Rxd8 Kxd8 34. a6 Ke7 35. Ke2 Kd6 36. f4 h5 37. gxh5 gxh5 38. Kf3 Bb4 39. Be4 Kc5 40. Bd5 f6 41. Bf7 h4 42. Kg4 Be1 43. Bd5 Bf2 44. Be6 Kd4 45. Kf3 Be1 46. Bd5 h3 47. Bb7 Kxc4 48. Kg4 h2 49. Kh3 Bd2 50. Kxh2 Bxf4+ 51. Kg2 b5 52. Kf3 Be5 53. Ke2 Kc3 54. Kd1 f5 55. Kc1 f4 56. Kb1 Kd3 57. Ka2 Ke2 58. Kb3 f3 59. Bxf3+ Kxf3 60. Kb4 Ke4 0-1

[Event "WchT Rapid"]
[Site "London"]
[Date "2025.06.13"]
[Round "11.1"]
[White "Turner, Matthew"]
[Black "Gallana, Marco"]
[Result "1/2-1/2"]
[WhiteElo "2506"]
[BlackElo "2232"]
[PlyCount "114"]
[EventDate "2025.06.11"]
[EventType "team-swiss"]
[EventRounds "12"]
[EventCountry "ENG"]
[SourceTitle "CB25_2025"]
[SourceDate "2025.06.18"]
[SourceVersion "1"]
[SourceVersionDate "2025.06.18"]
[SourceQuality "1"]
[WhiteTeam "Sassy Seniors"]
[BlackTeam "Hammersmith"]
[WhiteTeamCountry "ENG"]
[BlackTeamCountry "ENG"]

1. d4 Nf6 2. Nf3 g6 3. g3 Bg7 4. c4 d6 5. Bg2 0-0 6. 0-0 Nbd7 7. d5 a5 8. Be3 Nc5 9. Nc3 Re8 10. Rc1 e6 11. dxe6 Bxe6 12. b3 c6 13. Bd4 Qc7 14. Qd2 Rad8 15. Rfd1 Bf5 16. h3 Nce4 17. Nxe4 Bxe4 18. Qc3 Nh5 19. e3 d5 20. Bxg7 Nxg7 21. Ng5 Bxg2 22. Kxg2 Qe7 23. Nf3 dxc4 24. Qxc4 Nf5 25. g4 Nh4+ 26. Nxh4 Qxh4 27. Qc5 a4 28. bxa4 h5 29. gxh5 Qe4+ 30. f3 Qxa4 31. Rxd8 Rxd8 32. hxg6 Qxa2+ 33. Kg3 fxg6 34. Qg5 Rd7 35. Qg4 Qd2 36. Qe6+ Kh7 37. Rg1 Qd6+ 38. Qxd6 Rxd6 39. e4 Kg7 40. Kf4 c5 41. Ke5 Rc6 42. Kd5 Rf6 43. Rf1 b6 44. f4 Kf7 45. h4 Ke7 46. e5 Rf8 47. h5 gxh5 48. f5 Rd8+ 49. Kc6 c4 50. Rg1 c3 51. Rg7+ Kf8 52. Rc7 c2 53. Kxb6 Rd5 54. Rc8+ Kf7 55. Rc7+ Kf8 56. Rc8+ Kf7 57. Rc7+ Kf8 1/2-1/2

[Event "Dublin Gonzaga op"]
[Site "Dublin"]
[Date "2025.01.19"]
[Round "5"]
[White "Wafa, Shrook"]
[Black "Turner, Matthew"]
[Result "0-1"]
[WhiteElo "2110"]
[BlackElo "2432"]
[PlyCount "104"]
[EventDate "2025.01.17"]
[EventType "swiss"]
[EventRounds "5"]
[EventCountry "IRL"]
[SourceTitle "CB04_2025"]
[SourceDate "2025.01.22"]
[SourceVersion "1"]
[SourceVersionDate "2025.01.22"]
[SourceQuality "1"]

1. e4 c5 2. Nf3 g6 3. d4 cxd4 4. Nxd4 Bg7 5. Be3 Nf6 6. Nc3 Nc6 7. Bc4 Qa5 8. f3 Qb4 9. Bb3 Nxe4 10. fxe4 Bxd4 11. Bxd4 Qxd4 12. Qe2 0-0 13. h4 d6 14. h5 g5 15. h6 Be6 16. Rd1 Qf6 17. Qe3 Kh8 18. Rd2 Ne5 19. Rf2 Ng4 20. Rxf6 Nxe3 21. Rf2 Rac8 22. Re2 Ng4 23. Nb5 Bxb3 24. axb3 Rc5 25. Nd4 Nf6 26. Kd2 Re5 27. Rhe1 g4 28. Kd3 Rg8 29. b4 a6 30. Ra1 Rd8 31. c4 Rc8 32. b3 Kg8 33. Rf1 Kf8 34. Rxf6 exf6 35. Rf2 Rce8 36. Rf4 Rh5 37. Nf5 g3 38. Ke3 Rh1 39. Nxd6 Rd8 40. Rxf6 Re1+ 41. Kd4 Rd1+ 42. Kc5 Rd7 43. e5 Rd2 44. Rf3 Rxg2 45. e6 Rc7+ 46. Kd5 Rd2+ 47. Ke5 Re2+ 48. Ne4 g2 49. Rg3 Re7 50. Kd4 Rxe6 51. Ng5 Rd6+ 52. Kc5 Rxh6 0-1

[Event "Darlington Northumbria op"]
[Site "Darlington"]
[Date "2024.08.24"]
[Round "5"]
[White "Turner, Matthew"]
[Black "Wadsworth, Matthew J"]
[Result "1/2-1/2"]
[WhiteElo "2441"]
[BlackElo "2464"]
[PlyCount "31"]
[EventDate "2024.08.22"]
[EventType "swiss"]
[EventRounds "9"]
[EventCountry "ENG"]
[SourceTitle "CBM 221 Extra"]
[Source "ChessBase"]
[SourceDate "2024.09.30"]
[SourceVersion "1"]
[SourceVersionDate "2024.09.30"]
[SourceQuality "1"]

1. e4 e6 2. d4 d5 3. exd5 exd5 4. Nf3 Bd6 5. c4 Nf6 6. Nc3 0-0 7. cxd5 Re8+ 8. Be2 h6 9. 0-0 Nbd7 10. Qb3 Nb6 11. Ne5 Bxe5 12. dxe5 Nfxd5 13. Nxd5 Qxd5 14. Qxd5 Nxd5 15. f4 c6 16. Bd2 1/2-1/2

[Event "Darlington Northumbria op"]
[Site "Darlington"]
[Date "2024.08.23"]
[Round "4"]
[White "Seo, Jung Min"]
[Black "Turner, Matthew"]
[Result "1/2-1/2"]
[WhiteElo "2478"]
[BlackElo "2441"]
[PlyCount "54"]
[EventDate "2024.08.22"]
[EventType "swiss"]
[EventRounds "9"]
[EventCountry "ENG"]
[SourceTitle "CBM 221 Extra"]
[Source "ChessBase"]
[SourceDate "2024.09.30"]
[SourceVersion "1"]
[SourceVersionDate "2024.09.30"]
[SourceQuality "1"]

1. d4 Nf6 2. c4 e6 3. Nf3 d5 4. Nc3 Be7 5. g3 0-0 6. Bg2 Nbd7 7. Qd3 dxc4 8. Qxc4 c5 9. 0-0 Nb6 10. Qd3 cxd4 11. Qxd4 Qxd4 12. Nxd4 Rd8 13. Nb3 Nbd5 14. Bd2 Bd7 15. Nxd5 Nxd5 16. Bxd5 exd5 17. Bc3 Bg4 18. f3 Be6 19. Nd4 Bc5 20. Kg2 Bxd4 21. Bxd4 Rdc8 22. Rfc1 a6 23. Kf2 f6 24. Ke3 Kf7 25. Kd2 h5 26. Rxc8 Rxc8 27. Rc1 Rxc1 1/2-1/2

[Event "Darlington Northumbria op"]
[Site "Darlington"]
[Date "2024.08.23"]
[Round "3"]
[White "Turner, Matthew"]
[Black "Szekely, Balazs Virgil"]
[Result "1-0"]
[WhiteElo "2441"]
[BlackElo "2025"]
[PlyCount "83"]
[EventDate "2024.08.22"]
[EventType "swiss"]
[EventRounds "9"]
[EventCountry "ENG"]
[SourceTitle "CBM 221 Extra"]
[Source "ChessBase"]
[SourceDate "2024.09.30"]
[SourceVersion "1"]
[SourceVersionDate "2024.09.30"]
[SourceQuality "1"]

1. d4 d5 2. c4 e6 3. Nf3 Nf6 4. g3 dxc4 5. Bg2 c5 6. 0-0 Nc6 7. dxc5 Qxd1 8. Rxd1 Bxc5 9. Nbd2 c3 10. bxc3 0-0 11. c4 Bd7 12. g4 h6 13. h4 Nd4 14. Bb2 Nxf3+ 15. Bxf3 Ba4 16. Nb3 Be7 17. Bxb7 Rab8 18. Bf3 Rfc8 19. Rdc1 Nd7 20. Bd4 Ba3 21. Rc2 Rb4 22. e3 Rbxc4 23. Rxc4 Rxc4 24. Bxa7 e5 25. e4 Rc3 26. Be3 Bxb3 27. axb3 Rxb3 28. Rd1 Rb7 29. Rd5 Be7 30. g5 hxg5 31. hxg5 Kh7 32. Bg4 Nf8 33. Rxe5 f6 34. Ra5 Bd8 35. Ra8 Be7 36. Bf5+ Ng6 37. Kg2 Rb5 38. Ra1 Rxf5 39. Rh1+ Kg8 40. exf5 Ne5 41. g6 Nc4 42. Ra1 1-0

[Event "Stafford Wood Green"]
[Site "Stafford"]
[Date "2024.07.15"]
[Round "7"]
[White "Turner, Matthew"]
[Black "Ernst, Sipke"]
[Result "1/2-1/2"]
[WhiteElo "2459"]
[BlackElo "2512"]
[PlyCount "23"]
[EventDate "2024.07.12"]
[EventType "tourn"]
[EventRounds "9"]
[EventCountry "ENG"]
[EventCategory "6"]
[SourceTitle "CBM 221 Extra"]
[Source "ChessBase"]
[SourceDate "2024.09.30"]
[SourceVersion "1"]
[SourceVersionDate "2024.09.30"]
[SourceQuality "1"]

1. d4 d5 2. c4 dxc4 3. Nf3 Nf6 4. e3 e6 5. Bxc4 c5 6. dxc5 Qxd1+ 7. Kxd1 Bxc5 8. b3 b6 9. Bb2 Bb7 10. Nbd2 Nbd7 11. Ke2 0-0 12. Rhd1 1/2-1/2

[Event "Stafford Loz Coopers Birthday"]
[Site "Stafford"]
[Date "2024.07.14"]
[Round "9"]
[White "Bowcott Terry, Finlay"]
[Black "Turner, Matthew"]
[Result "1-0"]
[WhiteElo "2121"]
[BlackElo "2028"]
[PlyCount "61"]
[EventDate "2024.07.14"]
[EventType "swiss (blitz)"]
[EventRounds "9"]
[EventCountry "ENG"]
[SourceTitle "CBM 221 Extra"]
[Source "ChessBase"]
[SourceDate "2024.09.30"]
[SourceVersion "1"]
[SourceVersionDate "2024.09.30"]
[SourceQuality "1"]

1. e4 e5 2. Nf3 Nc6 3. Bc4 Bc5 4. c3 Nf6 5. d4 exd4 6. cxd4 Bb4+ 7. Kf1 Nxe4 8. d5 Ne7 9. Qd4 Nf6 10. Bg5 c5 11. Qe3 0-0 12. Bxf6 gxf6 13. a3 Ba5 14. d6 Ng6 15. h4 Re8 16. Qb3 Re6 17. Bxe6 dxe6 18. h5 Nf8 19. Nc3 Qxd6 20. Ne4 Qf4 21. Rh4 Qh6 22. Qb5 b6 23. b4 Bd7 24. Qc4 cxb4 25. axb4 b5 26. Qc3 Bd8 27. Rg4+ Kh8 28. Rd1 e5 29. Rxd7 Nxd7 30. Qc6 Nb6 31. Qe8+ 1-0

[Event "Stafford Loz Coopers Birthday"]
[Site "Stafford"]
[Date "2024.07.14"]
[Round "6"]
[White "Turner, Matthew"]
[Black "Haydon, David Leslie"]
[Result "1-0"]
[WhiteElo "2028"]
[BlackElo "2304"]
[PlyCount "65"]
[EventDate "2024.07.14"]
[EventType "swiss (blitz)"]
[EventRounds "9"]
[EventCountry "ENG"]
[SourceTitle "CBM 221 Extra"]
[Source "ChessBase"]
[SourceDate "2024.09.30"]
[SourceVersion "1"]
[SourceVersionDate "2024.09.30"]
[SourceQuality "1"]

1. d4 d5 2. Bg5 Nf6 3. e3 e6 4. c4 dxc4 5. Bxc4 c5 6. dxc5 Qa5+ 7. Nd2 Qxc5 8. Bxf6 gxf6 9. Rc1 Nc6 10. Bxe6 Qg5 11. Bxc8 Rxc8 12. Ngf3 Qxg2 13. Rg1 Qh3 14. Qb3 Bb4 15. Ke2 Qd7 16. Rxc6 Qxc6 17. Qxb4 Qa6+ 18. Kd1 Qxa2 19. Qxb7 Qa4+ 20. Ke2 Qd7 21. Qxd7+ Kxd7 22. Nd4 Rb8 23. b3 Rb7 24. Ra1 Rg8 25. Ra6 Rg6 26. Ne4 Ke7 27. Kf3 f5 28. Nxf5+ Kf8 29. Ra3 Rgb6 30. Nd4 Rh6 31. Nc5 Rc7 32. b4 Rxh2 33. Nce6+ 1-0

[Event "Stafford Loz Coopers Birthday"]
[Site "Stafford"]
[Date "2024.07.14"]
[Round "1"]
[White "Willow, Jonah B"]
[Black "Turner, Matthew"]
[Result "0-1"]
[WhiteElo "2300"]
[BlackElo "2028"]
[PlyCount "49"]
[EventDate "2024.07.14"]
[EventType "swiss (blitz)"]
[EventRounds "9"]
[EventCountry "ENG"]
[SourceTitle "CBM 221 Extra"]
[Source "ChessBase"]
[SourceDate "2024.09.30"]
[SourceVersion "1"]
[SourceVersionDate "2024.09.30"]
[SourceQuality "1"]

1. e4 c5 2. Nf3 g6 3. d4 cxd4 4. Qxd4 Nf6 5. Nc3 Nc6 6. Qa4 d6 7. e5 dxe5 8. Nxe5 Bd7 9. Nxd7 Qxd7 10. Bd2 Qg4 11. Qxg4 Nxg4 12. h3 Nf6 13. 0-0-0 0-0-0 14. Bc4 e6 15. Be3 Be7 16. a3 Rxd1+ 17. Rxd1 Rd8 18. Rxd8+ Kxd8 19. b4 a5 20. Bb6+ Kc8 21. bxa5 Bxa3+ 22. Kd1 Bb4 23. Nb5 Kd7 24. a6 bxa6 25. Na7 0-1

[Event "BCF-chT 2324 (4NCL)"]
[Site "England"]
[Date "2024.05.06"]
[Round "11.2"]
[White "Turner, Matthew"]
[Black "Nelson, Jonathan"]
[Result "1-0"]
[WhiteElo "2454"]
[BlackElo "2133"]
[PlyCount "81"]
[EventDate "2023.11.11"]
[EventType "team-tourn"]
[EventRounds "11"]
[EventCountry "ENG"]
[SourceTitle "EXT 2025"]
[Source "ChessBase"]
[SourceDate "2024.10.14"]
[SourceVersion "1"]
[SourceVersionDate "2024.10.14"]
[SourceQuality "1"]
[WhiteTeam "Wood Green"]
[BlackTeam "Blackthorne Russia"]
[WhiteTeamCountry "ENG"]
[BlackTeamCountry "ENG"]

1. d4 Nf6 2. Nc3 d6 3. e4 g6 4. Nf3 Bg7 5. h3 0-0 6. Be3 c6 7. a4 a5 8. Be2 Na6 9. e5 Nd5 10. Nxd5 cxd5 11. c3 Bf5 12. 0-0 Be4 13. e6 Bf5 14. exf7+ Rxf7 15. Ng5 Rf8 16. g4 Bd7 17. f4 Nc7 18. Bd3 e6 19. Qe1 Qe7 20. Qg3 Bf6 21. Nf3 b5 22. h4 bxa4 23. Rf2 Rf7 24. h5 gxh5 25. g5 Bh8 26. Re1 Qf8 27. Nh4 Rg7 28. f5 exf5 29. Bxf5 Bxf5 30. Nxf5 Rg6 31. Bd2 Re8 32. Rxe8 Nxe8 33. Kf1 Nf6 34. Qf3 Qe8 35. gxf6 Qb5+ 36. Qe2 Qxe2+ 37. Kxe2 Bxf6 38. Ne3 Bg5 39. Nxd5 Re6+ 40. Kd3 Bxd2 41. Rxd2 1-0

[Event "BCF-chT 2324 (4NCL)"]
[Site "England"]
[Date "2024.03.16"]
[Round "7.2"]
[White "Chow, Samuel"]
[Black "Turner, Matthew"]
[Result "1/2-1/2"]
[WhiteElo "2340"]
[BlackElo "2454"]
[PlyCount "32"]
[EventDate "2023.11.11"]
[EventType "team-tourn"]
[EventRounds "11"]
[EventCountry "ENG"]
[SourceTitle "EXT 2025"]
[Source "ChessBase"]
[SourceDate "2024.10.14"]
[SourceVersion "1"]
[SourceVersionDate "2024.10.14"]
[SourceQuality "1"]
[WhiteTeam "Chessable White Rose II"]
[BlackTeam "Wood Green"]
[WhiteTeamCountry "ENG"]
[BlackTeamCountry "ENG"]

1. d4 Nf6 2. c4 e6 3. Nf3 b6 4. g3 Ba6 5. b3 Bb4+ 6. Bd2 Be7 7. Nc3 d5 8. cxd5 exd5 9. Bg2 0-0 10. 0-0 Nbd7 11. a3 c6 12. Bf4 Rc8 13. b4 Ne4 14. Nxe4 dxe4 15. Ne5 Nxe5 16. dxe5 g5 1/2-1/2